Normal view
MARC view
- Llewwllyn, D. T
Entry Personal Name
001 - CONTROL NUMBER
- control field: 66849
003 - CONTROL NUMBER IDENTIFIER
- control field: NUST
005 - DATE AND TIME OF LATEST TRANSACTION
- control field: 20210628203703.0
008 - FIXED-LENGTH DATA ELEMENTS
- fixed length control field: 210628|| aca||aabn | a|a d
040 ## - CATALOGING SOURCE
- Original cataloging agency: NUST
- Transcribing agency: NUST
100 ## - HEADING--PERSONAL NAME
- Personal name: Llewwllyn, D. T
670 ## - SOURCE DATA FOUND
- Source citation: Work cat.: (NUST): Llewwllyn, D. T, Steel , metallurgy and applications, 1992
